Clones y clones : (Record no. 117134)

MARC details
000 -LEADER
fixed length control field 00768cac a2200229 4500
008 - FIXED-LENGTH DATA ELEMENTS--GENERAL INFORMATION
fixed length control field 040422t20002000sp 000 0 spa u
020 ## - INTERNATIONAL STANDARD BOOK NUMBER
International Standard Book Number 8437617979
050 00 - LIBRARY OF CONGRESS CALL NUMBER
Classification number QH442 .2
Item number C56 2000
245 10 - TITLE STATEMENT
Title Clones y clones :
Remainder of title hechos y fantasías acerca de la clonación humana /
Statement of responsibility, etc Martha C. Nussbaum y Cass R. Sunstein, eds.
260 ## - PUBLICATION, DISTRIBUTION, ETC. (IMPRINT)
Place of publication, distribution, etc Madrid, España :
Name of publisher, distributor, etc Catedra,
Date of publication, distribution, etc 2000
300 ## - PHYSICAL DESCRIPTION
Extent 328 p. ;
Dimensions 21 cm.
440 #0 - SERIES STATEMENT/ADDED ENTRY--TITLE
Title Teorema. Serie mayor
500 ## - GENERAL NOTE
General note Rec. prop. esc.
504 ## - BIBLIOGRAPHY, ETC. NOTE
Bibliography, etc Incluye bibliografías
650 10 - SUBJECT ADDED ENTRY--TOPICAL TERM
Topical term or geographic name as entry element Clonación humana
General subdivision Aspectos sociales
650 20 - SUBJECT ADDED ENTRY--TOPICAL TERM
Topical term or geographic name as entry element Clonacion humana
General subdivision Aspectos morales y éticos
650 30 - SUBJECT ADDED ENTRY--TOPICAL TERM
Topical term or geographic name as entry element Genética
700 1# - ADDED ENTRY--PERSONAL NAME
Personal name Nussbaum, Martha C., ed.
700 1# - ADDED ENTRY--PERSONAL NAME
Personal name Sustein, Cass R., ed.
942 ## - ADDED ENTRY ELEMENTS (KOHA)
Source of classification or shelving scheme Biblioteca del Cogreso de los Estados Unidos
Koha item type Libro
Holdings
Estado de pérdida Fuente de clasificación Estado del daño No para préstamo Ubicación permanente Ubicación actual Apartado o colección Fecha de adquisición Edición Área del conocimiento Clasificación Código de Barras Date last seen Número de copia Tipo de recurso
  Biblioteca del Cogreso de los Estados Unidos     Biblioteca de la Facultad de Filosofía Biblioteca de la Facultad de Filosofía General 16/06/2016 1a. ed. Educación y Humanidades QH442 .2 C56 2000 BFF000017367 16/06/2016 C:1 Libro